www.vinamin.vn - Trang thông tin điện tử của hội khoa học và công nghệ mỏ Việt Nam /
Kaydedildi:
| Yazar: | |
|---|---|
| Materyal Türü: | Makale |
| Dil: | Vietnamese |
| Konular: | |
| Etiketler: |
Etiketle
Etiket eklenmemiş, İlk siz ekleyin!
|
| Thư viện lưu trữ: | Thư viện Trường Đại học Đà Lạt |
|---|
| LEADER | 00778nam a2200265 4500 | ||
|---|---|---|---|
| 001 | DLU100111040 | ||
| 005 | ##20100826 | ||
| 040 | # | # | |a DLU |b vie |
| 041 | # | # | |a vie |
| 044 | # | # | |a vn |
| 100 | # | # | |a BBT. |
| 245 | # | # | |a www.vinamin.vn - Trang thông tin điện tử của hội khoa học và công nghệ mỏ Việt Nam / |c BBT. |
| 653 | # | # | |a Báo điện tử |
| 653 | # | # | |a Công nghiệp mỏ |
| 653 | # | # | |a Truyền thông |
| 773 | # | # | |t Tạp chí Công nghiệp mỏ |g Số1, 2008, tr. 4-5 |
| 920 | # | # | |a Phòng Tạp chí -- Trung tâm Thông tin - Thư viện Trường Đại học Đà Lạt |
| 994 | # | # | |a DLU |
| 900 | # | # | |a True |
| 911 | # | # | |a Nguyễn Thị Linh Chi |
| 925 | # | # | |a G |
| 926 | # | # | |a A |
| 927 | # | # | |a BB |
| 980 | # | # | |a Thư viện Trường Đại học Đà Lạt |